Žlíbský systém Zlaté stezky

Titel: Žlíbský systém Zlaté stezky
Verfasser:
Beteiligt:
In: Zlatá stezka, Band 6 (1999), Seite 67-91
alle Artikel anzeigen
Veröffentlicht: 1999
Format: Aufsatz
Sprache: Tschechisch
Kein Bild verfügbar
X
alg: 39300619
001A    $01999:11-11-16 
001B    $01999:28-04-17 $t15:28:05.000 
001C    $06050:19-11-16 $t22:36:38.000 
001D    $01999:11-11-16 
001U    $0utf8 
001X    $00 
002@    $0Aox 
003@    $0393006190 
007A    $0393006190 $aHEB 
007T    $0Herdp18052 
010@    $acze 
011@    $a1999 
021A    $aŽlíbský systém Zlaté stezky 
028A    $aKubů $dFrantišek 
028B/01 $aZavřel $dPetr 
031A    $d6 $h67-91 $j1999 
037A    $aRés. něm. s. 90-91: Das Röhrenberger System des Goldenen Steiges 
039B    $aIn $8--Abvc--. Zlatá stezka. - Prachatice, 1994- $x199900000060000933 $9070440182 
045T    $a7,41 

lok: 39300619 78

exp: 39300619 78 1 #EPN
201B/01 $026-11-17 $t01:25:56.000 
201U/01 $0utf8 
203@/01 $0789116502 
208@/01 $a11-11-16 $be 
209A/01 $a/ $f000 $x00 
220C/01 $aHerkunft: Hú Av Čr Praha 
244Z/01 $#Tschechien $#Tschechische Republik $#Tschechische Republik $#Tschechenland $#Tschechei Tschechien $#Česká Republika $#Czech Republic $#ČR $74303381-7 $8--Tg1--Tschechien $x01 $9086659812 
244Z/01 $2Trx $#Böhmen $#Bohemia $#Czechy $8--Trx--Čechy $x02 $9391188941 
244Z/01 $aVltavská Huť z. o. okres Prachatice $x03 
244Z/01 $aŽlíbky okres Prachatice $x04 
244Z/01 $aGeschichte 1350-1900 $x05 
244Z/01 $aZlatá stezka $x06 
244Z/01 $2Trx $#kaubandustänavad $#prekybos keliai $#trade route $#kereskedelmi utak $#trakty handlowe $#cesty obchodné $#cesty obchodní $8--Trx--Handelsstraßen $x07 $9391379348 
244Z/01 $2Trx $#transiiditeed $#keliai $#routes $#utak $#szlaki komunikacyjne $#dopravné komunikácie $#cesty dopravní $8--Trx--Verkehrswege $x08 $9391375881 
244Z/01 $2Trx $#arheoloogia uurimused $#archeologiniai tyrimai $#archaeology research $#régészet vizsgálatok $#archeologia, badania $#archeológia, výskumy $#archeologie, výzkumy $8--Trx--Archäologie$gUntersuchungen $x09 $9391380192 
244Z/01 $2Trx $#arheoloogia uurimused $#archeologiniai tyrimai $#archaeology research $#régészet vizsgálatok $#archeologia, badania $#archeológia, výskumy $#archeologie, výzkumy $8--Trx--Archäologie$gUntersuchungen $x10 $9391380192 
244Z/01 $2Trx $8--Trx--Zeitschriftenaufsatz $x11 $9391384341 
247C/01 $82080>Marburg/Lahn, Herder-Institut, Forschungsbibliothek, Bibliographieportal $9336309341
LEADER 00000caa a22000002c 4500
001 393006190
003 DE-603
005 20170428152805.0
007 tu
008 161111s1999 xx |||| | u00||u|cze c
035 |a (DE-599)HEB393006190 
040 |a DE-603  |b ger  |c DE-603  |d DE-603 
041 |a cze 
084 |a 7,41  |2 ssgn 
100 1 |a Kubů, František 
245 0 0 |a Žlíbský systém Zlaté stezky 
264 0 |c 1999 
500 |a Rés. něm. s. 90-91: Das Röhrenberger System des Goldenen Steiges 
700 1 |a Zavřel, Petr 
773 0 8 |i In  |t Zlatá stezka  |d Prachatice, 1994-  |g Band 6 (1999), Seite 67-91  |w (DE-603)070440182  |w (DE-600)1344104-8 
924 0 |9 2080  |a (DE-603)789116502  |b DE-2080  |c HES  |d d  |g /